|
|
|
|
| LEADER |
00941nam a2200193 i 4500 |
| 003 |
GR-PaULI |
| 005 |
20220509112857.0 |
| 008 |
170712s2009 gr ||||g |||| 00| f gre d |
| 952 |
|
|
|0 0
|1 0
|2 ddc
|4 0
|6 889_340000000000000_ΠΟΛ
|7 0
|9 359672
|a LISP
|b LISP
|c DON
|d 2022-05-09
|e ΠΑΤ
|i 148434
|l 0
|o 889.34 ΠΟΛ
|p 025000291996
|r 2022-05-09 00:00:00
|t 1
|w 2022-05-09
|y BKN
|
| 999 |
|
|
|c 210223
|d 210223
|
| 020 |
|
|
|a 9789608372405
|
| 040 |
|
|
|a GR-PaULI
|b gre
|c GR-PaULI
|e AACR2
|
| 082 |
0 |
4 |
|2 23
|a 889.34
|
| 100 |
1 |
|
|9 163204
|a Πολλάτος, Ιερώνυμος,
|d 1949-
|e συγγραφέας.
|
| 245 |
1 |
2 |
|a Ο σκοτεινός κύριος του Βέρτεκοπ :
|b μυθιστόρημα /
|c Ιερώνυμος Πολλάτος ; φωτογραφίες στο εξώφυλλο Αναστασία Βουτυροπούλου.
|
| 260 |
|
|
|a Αθήνα :
|b Το Ροδακιό,
|c 2009.
|
| 300 |
|
|
|a 180 σ. ;
|c 24 εκ.
|
| 942 |
|
|
|2 ddc
|c BKN
|
| 998 |
|
|
|c ΜΠΟΥΡΑΣ
|d 2022-05
|